[Event "Greek Team Championship"]
[Site "chess24.com"]
[Date "2017.07.04"]
[Round "3"]
[White "Tsaknakis, Zisis"]
[Black "Moshovakis, Aggelos"]
[Result "1/2-1/2"]
[Board "8"]
[WhiteElo "2187"]
[WhiteCountry "GRE"]
[WhiteFideId "4259963"]
[WhiteEloChange "-3"]
[BlackElo "2092"]
[BlackCountry "GRE"]
[BlackFideId "4297350"]
[BlackEloChange "3"]

1. e4 {[%clk 1:29:55]} e5 {[%clk 1:30:55]} 2. Nf3 {[%clk 1:30:17]} Nc6 {[%clk
1:31:22]} 3. Bb5 {[%clk 1:30:39]} a6 {[%clk 1:31:48]} 4. Ba4 {[%clk 1:31:03]} Nf6
{[%clk 1:32:16]} 5. O-O {[%clk 1:30:43]} Be7 {[%clk 1:32:41]} 6. Re1 {[%clk
1:30:45]} b5 {[%clk 1:33:06]} 7. Bb3 {[%clk 1:31:10]} d6 {[%clk 1:33:32]} 8. c3
{[%clk 1:31:22]} O-O {[%clk 1:33:56]} 9. d4 {[%clk 1:30:24]} Bg4 {[%clk 1:33:36]}
10. Be3 {[%clk 1:30:48]} Re8 {[%clk 1:29:09]} 11. Nbd2 {[%clk 1:21:51]} Bf8
{[%clk 1:20:32]} 12. d5 {[%clk 1:20:52]} Ne7 {[%clk 1:16:07]} 13. h3 {[%clk
1:17:41]} Bc8 {[%clk 1:13:05]} 14. a4 {[%clk 1:17:12]} Bb7 {[%clk 1:13:19]} 15.
Nh4 {[%clk 1:13:25]} c6 {[%clk 1:08:40]} 16. dxc6 {[%clk 1:11:38]} Bxc6 {[%clk
1:08:43]} 17. Bg5 {[%clk 1:09:16]} Ng6 {[%clk 0:58:36]} 18. axb5 {[%clk 1:05:38]}
axb5 {[%clk 0:57:57]} 19. Rxa8 {[%clk 1:04:39]} Bxa8 {[%clk 0:53:31]} 20. Nxg6
{[%clk 1:01:25]} hxg6 {[%clk 0:50:42]} 21. Qe2 {[%clk 1:00:05]} Bc6 {[%clk
0:49:56]} 22. c4 {[%clk 0:54:34]} Qd7 {[%clk 0:48:44]} 23. cxb5 {[%clk 0:44:29]}
Bxb5 {[%clk 0:48:56]} 24. Qf3 {[%clk 0:44:53]} Be7 {[%clk 0:47:05]} 25. Rc1
{[%clk 0:37:59]} Bc6 {[%clk 0:42:23]} 26. Bxf6 {[%clk 0:32:45]} gxf6 {[%clk
0:37:48]} 27. Qc3 {[%clk 0:32:28]} Ba8 {[%clk 0:33:53]} 28. Qc4 {[%clk 0:30:41]}
Rf8 {[%clk 0:33:35]} 29. Qc7 {[%clk 0:24:05]} Rd8 {[%clk 0:31:57]} 30. Qxd7
{[%clk 0:22:59]} Rxd7 {[%clk 0:32:23]} 31. Rc8+ {[%clk 0:23:24]} Rd8 {[%clk
0:32:46]} 32. Rc7 {[%clk 0:23:44]} Kf8 {[%clk 0:33:11]} 33. Kf1 {[%clk 0:19:12]}
Rb8 {[%clk 0:29:13]} 34. f3 {[%clk 0:13:43]} Rd8 {[%clk 0:25:57]} 35. Ke2 {[%clk
0:12:01]} d5 {[%clk 0:25:52]} 36. exd5 {[%clk 0:11:53]} Bxd5 {[%clk 0:26:19]} 37.
Bxd5 {[%clk 0:11:57]} Rxd5 {[%clk 0:26:44]} 38. Rc8+ {[%clk 0:12:08]} Kg7 {[%clk
0:26:49]} 39. Rb8 {[%clk 0:10:16]} Rd4 {[%clk 0:25:08]} 40. Nb3 {[%clk 0:39:51]}
Rd5 {[%clk 0:53:52]} 41. Nc1 {[%clk 0:37:00]} f5 {[%clk 0:48:13]} 42. b4 {[%clk
0:31:22]} e4 {[%clk 0:48:22]} 43. Nb3 {[%clk 0:27:15]} Rd3 {[%clk 0:47:56]} 44.
Nc5 {[%clk 0:27:32]} Bxc5 {[%clk 0:44:35]} 45. bxc5 {[%clk 0:27:52]} Rc3 {[%clk
0:45:03]} 46. Rc8 {[%clk 0:25:49]} Rc2+ {[%clk 0:29:59]} 47. Ke3 {[%clk 0:25:20]}
exf3 {[%clk 0:23:59]} 48. Kxf3 {[%clk 0:23:47]} Kf6 {[%clk 0:24:22]} 49. c6
{[%clk 0:23:19]} Ke7 {[%clk 0:24:09]} 50. c7 {[%clk 0:22:41]} g5 {[%clk 0:23:19]}
51. Rg8 {[%clk 0:15:18]} g4+ {[%clk 0:23:19]} 52. Kf4 {[%clk 0:14:04]} Rxc7
{[%clk 0:23:45]} 53. Kxf5 {[%clk 0:14:26]} gxh3 {[%clk 0:24:11]} 54. gxh3 {[%clk
0:14:48]} Rc5+ {[%clk 0:24:23]} 55. Kf4 {[%clk 0:14:07]} Kf6 {[%clk 0:24:34]} 56.
Re8 {[%clk 0:13:40]} Rc4+ {[%clk 0:24:56]} 1/2-1/2

[Event "Greek Team Championship"]
[Site "chess24.com"]
[Date "2017.07.04"]
[Round "3"]
[White "Marinakis, Hristos"]
[Black "Betsakos, Konstantinos"]
[Result "1-0"]
[Board "9"]
[WhiteElo "1842"]
[WhiteCountry "GRE"]
[WhiteFideId "4294661"]
[WhiteEloChange "10"]
[BlackElo "1844"]
[BlackCountry "GRE"]
[BlackFideId "4253337"]
[BlackEloChange "-10"]

1. Nf3 {[%clk 1:30:54]} Nf6 {[%clk 1:30:50]} 2. c4 {[%clk 1:31:11]} b6 {[%clk
1:30:19]} 3. g3 {[%clk 1:31:15]} Bb7 {[%clk 1:30:46]} 4. Bg2 {[%clk 1:31:39]} e6
{[%clk 1:31:06]} 5. O-O {[%clk 1:31:54]} Be7 {[%clk 1:31:10]} 6. Nc3 {[%clk
1:29:16]} c5 {[%clk 1:30:40]} 7. e3 {[%clk 1:28:41]} O-O {[%clk 1:30:02]} 8. d4
{[%clk 1:27:46]} cxd4 {[%clk 1:24:13]} 9. exd4 {[%clk 1:28:08]} Qc8 {[%clk
1:23:10]} 10. Qe2 {[%clk 1:25:57]} d5 {[%clk 1:21:37]} 11. Ne5 {[%clk 1:23:36]}
dxc4 {[%clk 1:19:12]} 12. Bxb7 {[%clk 1:23:38]} Qxb7 {[%clk 1:19:38]} 13. Qxc4
{[%clk 1:23:53]} Rc8 {[%clk 1:08:35]} 14. Qd3 {[%clk 1:17:35]} Nc6 {[%clk
1:02:21]} 15. Be3 {[%clk 1:11:52]} Nb4 {[%clk 0:58:23]} 16. Qe2 {[%clk 1:11:00]}
h6 {[%clk 0:56:57]} 17. Rac1 {[%clk 1:08:12]} Nbd5 {[%clk 0:31:08]} 18. h4 {[%clk
0:45:49]} Bf8 {[%clk 0:18:40]} 19. g4 {[%clk 0:33:15]} Bd6 {[%clk 0:08:31]} 20.
Qf3 {[%clk 0:23:57]} Rab8 {[%clk 0:08:03]} 21. Nb5 {[%clk 0:21:30]} Rxc1 {[%clk
0:06:15]} 22. Rxc1 {[%clk 0:21:52]} Bxe5 {[%clk 0:06:01]} 23. dxe5 {[%clk
0:22:10]} Nxe3 {[%clk 0:06:04]} 24. Qxe3 {[%clk 0:17:47]} Nxg4 {[%clk 0:02:55]}
25. Qf4 {[%clk 0:18:04]} Qd5 {[%clk 0:01:45]} 26. Nc3 {[%clk 0:17:11]} Qxe5
{[%clk 0:02:05]} 27. Qxg4 {[%clk 0:17:00]} Rd8 {[%clk 0:01:58]} 28. Rd1 {[%clk
0:12:17]} Rxd1+ {[%clk 0:02:20]} 29. Nxd1 {[%clk 0:11:20]} f5 {[%clk 0:01:55]}
30. Qa4 {[%clk 0:09:24]} f4 {[%clk 0:01:06]} 31. Nc3 {[%clk 0:07:37]} Kf7 {[%clk
0:00:35]} 32. Qxa7+ {[%clk 0:04:51]} Kg6 {[%clk 0:00:51]} 33. Qa8 {[%clk
0:04:32]} Qe1+ {[%clk 0:01:09]} 34. Kg2 {[%clk 0:04:55]} Kf5 {[%clk 0:00:42]} 35.
Qf8+ {[%clk 0:04:45]} 1-0

[Event "Greek Team Championship"]
[Site "chess24.com"]
[Date "2017.07.04"]
[Round "3"]
[White "Giouvantsioudis-Mousiadis, Arist"]
[Black "Pantelakis, Lefteris"]
[Result "0-1"]
[Board "10"]
[WhiteElo "1446"]
[WhiteCountry "GRE"]
[WhiteFideId "4296125"]
[WhiteEloChange "-16"]
[BlackElo "1206"]
[BlackCountry "GRE"]
[BlackFideId "25800043"]
[BlackEloChange "16"]

1. e4 {[%clk 1:30:23]} d6 {[%clk 1:30:55]} 2. d4 {[%clk 1:30:42]} g6 {[%clk
1:31:17]} 3. f4 {[%clk 1:29:17]} Bg7 {[%clk 1:31:36]} 4. Be3 {[%clk 1:25:53]} Nf6
{[%clk 1:30:12]} 5. Nc3 {[%clk 1:22:51]} O-O {[%clk 1:29:25]} 6. Be2 {[%clk
1:22:56]} Nbd7 {[%clk 1:28:29]} 7. Nf3 {[%clk 1:23:01]} c6 {[%clk 1:23:09]} 8.
O-O {[%clk 1:22:28]} Qc7 {[%clk 1:17:05]} 9. Qd2 {[%clk 1:18:46]} Ng4 {[%clk
1:14:34]} 10. Bf2 {[%clk 1:17:08]} e5 {[%clk 1:08:32]} 11. dxe5 {[%clk 1:10:07]}
dxe5 {[%clk 1:06:25]} 12. f5 {[%clk 1:00:43]} gxf5 {[%clk 0:47:24]} 13. exf5
{[%clk 0:58:52]} Ndf6 {[%clk 0:45:38]} 14. Bc5 {[%clk 0:53:48]} Rd8 {[%clk
0:42:51]} 15. Qg5 {[%clk 0:53:41]} e4 {[%clk 0:35:51]} 16. h3 {[%clk 0:39:19]}
exf3 {[%clk 0:34:57]} 17. hxg4 {[%clk 0:39:34]} fxe2 {[%clk 0:34:28]} 18. Nxe2
{[%clk 0:39:54]} Ne4 {[%clk 0:33:32]} 19. Qe3 {[%clk 0:35:29]} Nxc5 {[%clk
0:33:22]} 20. f6 {[%clk 0:35:29]} Ne6 {[%clk 0:27:52]} 21. fxg7 {[%clk 0:35:22]}
Qb6 {[%clk 0:27:30]} 22. Qxb6 {[%clk 0:35:24]} axb6 {[%clk 0:27:50]} 23. Ng3
{[%clk 0:35:20]} Nxg7 {[%clk 0:24:52]} 24. g5 {[%clk 0:35:04]} Be6 {[%clk
0:24:31]} 25. a3 {[%clk 0:35:22]} Rd2 {[%clk 0:23:57]} 26. Rac1 {[%clk 0:35:27]}
Bd5 {[%clk 0:23:41]} 27. Rf2 {[%clk 0:34:55]} Rxf2 {[%clk 0:23:58]} 28. Kxf2
{[%clk 0:35:21]} Re8 {[%clk 0:24:17]} 29. b3 {[%clk 0:35:40]} Be6 {[%clk
0:21:52]} 30. Rd1 {[%clk 0:35:48]} Kf8 {[%clk 0:21:28]} 31. Rd4 {[%clk 0:35:39]}
Nf5 {[%clk 0:21:19]} 32. Rb4 {[%clk 0:35:33]} Nxg3 {[%clk 0:21:21]} 33. Kxg3
{[%clk 0:35:56]} b5 {[%clk 0:21:37]} 34. a4 {[%clk 0:36:18]} bxa4 {[%clk
0:21:07]} 35. bxa4 {[%clk 0:36:37]} Re7 {[%clk 0:21:10]} 36. a5 {[%clk 0:36:59]}
c5 {[%clk 0:20:55]} 37. Rb2 {[%clk 0:36:34]} Bd5 {[%clk 0:20:59]} 38. Rb5 {[%clk
0:36:49]} Bc6 {[%clk 0:20:32]} 39. Rxc5 {[%clk 0:37:05]} Re6 {[%clk 0:20:26]} 40.
Kh3 {[%clk 1:06:29]} Re3+ {[%clk 0:50:20]} 41. g3 {[%clk 1:06:44]} Ra3 {[%clk
0:49:51]} 42. Kh4 {[%clk 1:06:48]} Ra4+ {[%clk 0:46:40]} 43. g4 {[%clk 1:06:25]}
Kg7 {[%clk 0:46:13]} 44. c3 {[%clk 1:06:10]} Bd7 {[%clk 0:45:07]} 45. c4 {[%clk
1:06:24]} Be6 {[%clk 0:44:55]} 46. Rb5 {[%clk 1:06:23]} Rxc4 {[%clk 0:45:00]} 47.
Rxb7 {[%clk 1:06:25]} Rxg4+ {[%clk 0:44:51]} 48. Kh5 {[%clk 1:06:52]} Ra4 {[%clk
0:43:08]} 49. Rb5 {[%clk 1:07:05]} Bg4+ {[%clk 0:42:37]} 0-1

[Event "Greek Team Championship"]
[Site "chess24.com"]
[Date "2017.07.04"]
[Round "3"]
[White "Nedev, Trajko"]
[Black "Wieczorek, Oskar"]
[Result "1/2-1/2"]
[Board "1"]
[WhiteElo "2481"]
[WhiteTitle "GM"]
[WhiteCountry "MKD"]
[WhiteFideId "15000605"]
[BlackElo "2462"]
[BlackTitle "IM"]
[BlackCountry "POL"]
[BlackFideId "1133950"]

1. e4 {[%clk 1:30:57]} c5 {[%clk 1:30:56]} 2. Nf3 {[%clk 1:31:21]} d6 {[%clk
1:31:21]} 3. d4 {[%clk 1:31:45]} cxd4 {[%clk 1:31:46]} 4. Nxd4 {[%clk 1:32:08]}
Nf6 {[%clk 1:32:12]} 5. Nc3 {[%clk 1:32:33]} Nc6 {[%clk 1:32:37]} 6. Bg5 {[%clk
1:32:56]} e6 {[%clk 1:33:03]} 7. Qd2 {[%clk 1:33:20]} Qb6 {[%clk 1:33:27]} 8. Nb3
{[%clk 1:33:21]} a6 {[%clk 1:32:21]} 9. Bd3 {[%clk 1:33:40]} Be7 {[%clk 1:31:37]}
10. O-O {[%clk 1:34:03]} Qc7 {[%clk 1:28:23]} 11. f4 {[%clk 1:31:55]} h6 {[%clk
1:26:45]} 12. Bxf6 {[%clk 1:27:54]} Bxf6 {[%clk 1:27:01]} 13. Rae1 {[%clk
1:28:02]} Bd7 {[%clk 1:22:35]} 14. Kh1 {[%clk 1:26:45]} O-O-O {[%clk 1:13:57]}
15. Ne2 {[%clk 1:08:40]} Bxb2 {[%clk 1:01:02]} 16. c3 {[%clk 1:07:56]} Ba3 {[%clk
1:00:04]} 17. Rb1 {[%clk 1:08:17]} g5 {[%clk 0:51:30]} 18. Nbd4 {[%clk 0:59:32]}
gxf4 {[%clk 0:43:10]} 19. Nxf4 {[%clk 0:50:02]} Ne5 {[%clk 0:23:39]} 20. Rb3
{[%clk 0:47:39]} Bc5 {[%clk 0:24:08]} 21. Rfb1 {[%clk 0:47:53]} Bc6 {[%clk
0:23:21]} 22. Qe2 {[%clk 0:38:24]} Nxd3 {[%clk 0:16:26]} 23. Nxd3 {[%clk
0:38:35]} Rd7 {[%clk 0:12:37]} 24. Nb4 {[%clk 0:31:14]} Ba4 {[%clk 0:03:06]} 25.
Ra3 {[%clk 0:29:18]} Bxd4 {[%clk 0:02:16]} 26. Rxa4 {[%clk 0:26:51]} Qxc3 {[%clk
0:00:44]} 27. Nxa6 {[%clk 0:26:15]} Kd8 {[%clk 0:01:04]} 28. Nb4 {[%clk 0:22:51]}
Ke7 {[%clk 0:01:19]} 29. Nd3 {[%clk 0:22:57]} Rc8 {[%clk 0:00:36]} 30. Rab4
{[%clk 0:23:08]} Rcc7 {[%clk 0:00:38]} 31. h3 {[%clk 0:22:30]} 1/2-1/2

[Event "Greek Team Championship"]
[Site "chess24.com"]
[Date "2017.07.04"]
[Round "3"]
[White "Pavlidis, Anastasios"]
[Black "Giannoulakis, Lampros"]
[Result "1/2-1/2"]
[Board "2"]
[WhiteElo "2398"]
[WhiteTitle "IM"]
[WhiteCountry "GRE"]
[WhiteFideId "4208404"]
[WhiteEloChange "-2"]
[BlackElo "2330"]
[BlackTitle "FM"]
[BlackCountry "GRE"]
[BlackFideId "4247019"]
[BlackEloChange "2"]

1. d4 {[%clk 1:30:50]} Nf6 {[%clk 1:30:51]} 2. c4 {[%clk 1:31:05]} g6 {[%clk
1:31:08]} 3. Nc3 {[%clk 1:31:25]} Bg7 {[%clk 1:31:25]} 4. e4 {[%clk 1:31:46]} d6
{[%clk 1:31:45]} 5. f4 {[%clk 1:30:27]} O-O {[%clk 1:30:31]} 6. Nf3 {[%clk
1:28:45]} Na6 {[%clk 1:27:41]} 7. e5 {[%clk 1:28:51]} Nd7 {[%clk 1:24:34]} 8. Be2
{[%clk 1:29:11]} dxe5 {[%clk 1:22:17]} 9. dxe5 {[%clk 1:21:37]} f6 {[%clk
1:15:22]} 10. exf6 {[%clk 1:19:27]} exf6 {[%clk 1:14:40]} 11. O-O {[%clk
1:18:41]} Ndc5 {[%clk 1:12:21]} 12. Be3 {[%clk 1:18:41]} f5 {[%clk 1:12:21]} 13.
Ne5 {[%clk 1:18:41]} Be6 {[%clk 1:12:21]} 14. Qe1 {[%clk 1:18:41]} Qe7 {[%clk
1:12:21]} 15. Nd5 {[%clk 1:18:41]} Bxd5 {[%clk 1:12:21]} 16. cxd5 {[%clk
1:18:41]} Nd7 {[%clk 1:12:21]} 17. Bc4 {[%clk 1:18:41]} Kh8 {[%clk 1:12:21]} 18.
Bd4 {[%clk 0:23:28]} Nxe5 {[%clk 0:27:34]} 19. fxe5 {[%clk 0:23:13]} Rae8 {[%clk
0:21:10]} 20. Bxa6 {[%clk 0:19:34]} bxa6 {[%clk 0:21:00]} 21. Qc3 {[%clk
0:15:51]} Bxe5 {[%clk 0:20:46]} 22. Rae1 {[%clk 0:12:45]} Bxd4+ {[%clk 0:20:49]}
23. Qxd4+ {[%clk 0:13:10]} Qg7 {[%clk 0:21:14]} 24. Qd2 {[%clk 0:11:21]} Qf6
{[%clk 0:19:12]} 25. Rc1 {[%clk 0:11:26]} Rd8 {[%clk 0:15:28]} 26. Rf2 {[%clk
0:10:45]} Qd6 {[%clk 0:04:32]} 27. Qc3+ {[%clk 0:10:50]} Kg8 {[%clk 0:04:34]} 28.
Rd2 {[%clk 0:09:47]} Rd7 {[%clk 0:04:15]} 29. Re1 {[%clk 0:09:37]} Re7 {[%clk
0:03:26]} 30. Rde2 {[%clk 0:05:41]} Rfe8 {[%clk 0:02:53]} 31. Rxe7 {[%clk
0:04:14]} Rxe7 {[%clk 0:03:19]} 32. Rxe7 {[%clk 0:03:54]} Qxe7 {[%clk 0:03:47]}
33. Kf1 {[%clk 0:02:56]} Qd6 {[%clk 0:03:37]} 34. Qc4 {[%clk 0:03:04]} Kf8 {[%clk
0:02:41]} 35. g3 {[%clk 0:02:35]} Qb6 {[%clk 0:02:46]} 36. b3 {[%clk 0:01:06]}
Qb5 {[%clk 0:01:54]} 37. Kf2 {[%clk 0:01:35]} Qb6+ {[%clk 0:02:00]} 38. Kf3
{[%clk 0:01:46]} Qd6 {[%clk 0:02:07]} 39. Qd4 {[%clk 0:01:50]} Kf7 {[%clk
0:02:13]} 40. Qc4 {[%clk 0:32:17]} Kf8 {[%clk 0:32:12]} 41. Qd4 {[%clk 0:32:05]}
Kf7 {[%clk 0:32:36]} 42. Qc4 {[%clk 0:32:31]} g5 {[%clk 0:26:57]} 43. a4 {[%clk
0:30:53]} Kg6 {[%clk 0:24:23]} 44. a5 {[%clk 0:29:34]} Kf7 {[%clk 0:18:53]}
1/2-1/2

[Event "Greek Team Championship"]
[Site "chess24.com"]
[Date "2017.07.04"]
[Round "3"]
[White "Lagopatis, Nikolaos"]
[Black "Bunis, Vassilis"]
[Result "1/2-1/2"]
[Board "3"]
[WhiteElo "2130"]
[WhiteTitle "CM"]
[WhiteCountry "GRE"]
[WhiteFideId "4200489"]
[WhiteEloChange "3"]
[BlackElo "2237"]
[BlackTitle "FM"]
[BlackCountry "GRE"]
[BlackFideId "4203127"]
[BlackEloChange "-3"]

1. e4 {[%clk 1:30:43]} c5 {[%clk 1:30:52]} 2. Nf3 {[%clk 1:30:34]} e6 {[%clk
1:31:05]} 3. c3 {[%clk 1:29:32]} d5 {[%clk 1:31:27]} 4. exd5 {[%clk 1:29:21]}
Qxd5 {[%clk 1:31:55]} 5. d4 {[%clk 1:29:18]} Nf6 {[%clk 1:32:15]} 6. Na3 {[%clk
1:24:48]} cxd4 {[%clk 1:31:57]} 7. Nb5 {[%clk 1:23:28]} Qd8 {[%clk 1:32:16]} 8.
Qxd4 {[%clk 1:12:17]} a6 {[%clk 1:22:36]} 9. Qxd8+ {[%clk 1:11:14]} Kxd8 {[%clk
1:23:02]} 10. Nbd4 {[%clk 1:11:00]} Bd6 {[%clk 1:23:23]} 11. Bg5 {[%clk 1:04:48]}
Ke7 {[%clk 1:23:45]} 12. Bh4 {[%clk 0:54:15]} Bd7 {[%clk 1:23:49]} 13. Bg3 {[%clk
0:44:49]} Bxg3 {[%clk 1:23:51]} 14. hxg3 {[%clk 0:45:12]} Nc6 {[%clk 1:23:57]}
15. Rd1 {[%clk 0:39:17]} Rhd8 {[%clk 1:16:47]} 16. Be2 {[%clk 0:38:49]} h6 {[%clk
1:16:17]} 17. Rh4 {[%clk 0:37:18]} Be8 {[%clk 1:12:55]} 18. Nxc6+ {[%clk
0:28:21]} Bxc6 {[%clk 1:13:12]} 19. Rhd4 {[%clk 0:28:24]} Rxd4 {[%clk 1:13:22]}
20. Rxd4 {[%clk 0:28:45]} Rc8 {[%clk 1:07:45]} 21. Ne5 {[%clk 0:24:03]} Bd5
{[%clk 1:06:04]} 22. a4 {[%clk 0:23:38]} Rc7 {[%clk 1:05:06]} 23. f3 {[%clk
0:17:38]} Nd7 {[%clk 1:02:43]} 24. Nxd7 {[%clk 0:13:47]} Rxd7 {[%clk 1:03:08]}
25. a5 {[%clk 0:10:04]} Rc7 {[%clk 1:02:48]} 26. Kd2 {[%clk 0:10:04]} Bc6 {[%clk
1:02:05]} 27. b4 {[%clk 0:09:32]} e5 {[%clk 1:02:25]} 28. Rc4 {[%clk 0:09:02]}
Rd7+ {[%clk 1:02:39]} 29. Ke3 {[%clk 0:09:24]} f5 {[%clk 1:02:54]} 30. Rc5 {[%clk
0:09:01]} Kd6 {[%clk 1:03:08]} 31. Bd3 {[%clk 0:08:18]} 1/2-1/2

[Event "Greek Team Championship"]
[Site "chess24.com"]
[Date "2017.07.04"]
[Round "3"]
[White "Kazakos, Emmanouil"]
[Black "Hidzos, Georgios"]
[Result "0-1"]
[Board "4"]
[WhiteElo "2117"]
[WhiteCountry "GRE"]
[WhiteFideId "4216555"]
[WhiteEloChange "-16"]
[BlackElo "1873"]
[BlackCountry "GRE"]
[BlackFideId "4201647"]
[BlackEloChange "16"]

1. e4 {[%clk 1:30:55]} c5 {[%clk 1:27:18]} 2. Nf3 {[%clk 1:30:41]} e6 {[%clk
1:27:42]} 3. d4 {[%clk 1:30:05]} cxd4 {[%clk 1:28:06]} 4. Nxd4 {[%clk 1:30:33]}
Nc6 {[%clk 1:28:26]} 5. Nc3 {[%clk 1:30:46]} d6 {[%clk 1:28:51]} 6. Be3 {[%clk
1:30:17]} Nf6 {[%clk 1:28:51]} 7. f3 {[%clk 1:30:25]} Be7 {[%clk 1:28:52]} 8. Qd2
{[%clk 1:29:35]} O-O {[%clk 1:29:14]} 9. O-O-O {[%clk 1:29:59]} a6 {[%clk
1:29:41]} 10. Kb1 {[%clk 1:27:28]} Nd7 {[%clk 1:29:30]} 11. g4 {[%clk 1:11:43]}
Nde5 {[%clk 1:27:59]} 12. Be2 {[%clk 1:08:33]} Nxd4 {[%clk 0:54:20]} 13. Qxd4
{[%clk 1:06:26]} b5 {[%clk 0:50:45]} 14. f4 {[%clk 1:03:33]} Nc6 {[%clk 0:50:36]}
15. Qd2 {[%clk 0:52:49]} Na5 {[%clk 0:50:40]} 16. g5 {[%clk 0:43:53]} Bd7 {[%clk
0:50:29]} 17. Qd4 {[%clk 0:36:20]} Rb8 {[%clk 0:46:17]} 18. Bf3 {[%clk 0:33:01]}
b4 {[%clk 0:45:30]} 19. Ne2 {[%clk 0:33:18]} Qc7 {[%clk 0:36:44]} 20. h4 {[%clk
0:22:00]} Rfc8 {[%clk 0:32:17]} 21. Rc1 {[%clk 0:20:04]} Nc4 {[%clk 0:31:39]} 22.
Rhd1 {[%clk 0:16:47]} Qb7 {[%clk 0:24:18]} 23. Ka1 {[%clk 0:14:43]} d5 {[%clk
0:22:37]} 24. Bg1 {[%clk 0:08:42]} Bb5 {[%clk 0:14:55]} 25. exd5 {[%clk 0:06:02]}
Bc5 {[%clk 0:11:38]} 26. Qe4 {[%clk 0:05:56]} Nd6 {[%clk 0:11:31]} 27. Qe5 {[%clk
0:06:12]} Nc4 {[%clk 0:10:36]} 28. Qe4 {[%clk 0:04:42]} Nd6 {[%clk 0:10:51]} 29.
Qe5 {[%clk 0:04:51]} Nc4 {[%clk 0:10:53]} 30. dxe6 {[%clk 0:05:17]} Qxf3 {[%clk
0:07:54]} 31. exf7+ {[%clk 0:05:46]} Kh8 {[%clk 0:07:28]} 32. Qe6 {[%clk
0:05:02]} Ne3 {[%clk 0:06:37]} 33. Nd4 {[%clk 0:03:40]} Bxd4 {[%clk 0:04:45]} 34.
Rxd4 {[%clk 0:03:47]} Nxc2+ {[%clk 0:03:28]} 35. Kb1 {[%clk 0:04:16]} Bd3 {[%clk
0:02:15]} 36. Rc4 {[%clk 0:04:45]} Bxc4 {[%clk 0:02:24]} 37. f8Q+ {[%clk
0:04:51]} Rxf8 {[%clk 0:02:24]} 38. Qxc4 {[%clk 0:04:51]} Rfc8 {[%clk 0:01:55]}
39. Bc5 {[%clk 0:04:00]} Ne3 {[%clk 0:00:39]} 40. Qd3 {[%clk 0:34:27]} Re8 {[%clk
0:30:39]} 41. Re1 {[%clk 0:34:33]} Qd5 {[%clk 0:28:11]} 42. Bd4 {[%clk 0:29:39]}
Rbd8 {[%clk 0:25:55]} 43. Rxe3 {[%clk 0:24:06]} Rxe3 {[%clk 0:24:38]} 0-1

[Event "Greek Team Championship"]
[Site "chess24.com"]
[Date "2017.07.04"]
[Round "3"]
[White "Ivanova, Simoneta"]
[Black "Pavlidou, Ekaterini"]
[Result "0-1"]
[Board "5"]
[WhiteElo "2158"]
[WhiteTitle "WFM"]
[WhiteCountry "BUL"]
[WhiteFideId "2900548"]
[WhiteEloChange "-9"]
[BlackElo "2184"]
[BlackTitle "WIM"]
[BlackCountry "GRE"]
[BlackFideId "4213262"]
[BlackEloChange "9"]

1. d4 {[%clk 1:30:56]} Nf6 {[%clk 1:30:27]} 2. Nc3 {[%clk 1:31:18]} d5 {[%clk
1:30:05]} 3. Bf4 {[%clk 1:31:33]} e6 {[%clk 1:28:16]} 4. e3 {[%clk 1:31:35]} a6
{[%clk 1:27:28]} 5. Nf3 {[%clk 1:30:43]} c5 {[%clk 1:25:55]} 6. a3 {[%clk
1:30:19]} Nc6 {[%clk 1:24:07]} 7. h3 {[%clk 1:29:46]} b6 {[%clk 1:17:58]} 8. Bd3
{[%clk 1:19:38]} c4 {[%clk 1:16:09]} 9. Be2 {[%clk 1:20:02]} b5 {[%clk 1:15:41]}
10. O-O {[%clk 1:20:05]} Bb7 {[%clk 1:14:36]} 11. Ne5 {[%clk 1:10:24]} h6 {[%clk
1:10:58]} 12. Bg3 {[%clk 1:05:21]} Ne7 {[%clk 1:09:05]} 13. f4 {[%clk 1:01:10]}
Nf5 {[%clk 1:08:49]} 14. Bf2 {[%clk 1:00:59]} Be7 {[%clk 0:55:17]} 15. Bf3 {[%clk
0:59:11]} Ne4 {[%clk 0:50:32]} 16. Nxe4 {[%clk 0:51:01]} dxe4 {[%clk 0:50:53]}
17. Be2 {[%clk 0:50:47]} Bd5 {[%clk 0:38:56]} 18. a4 {[%clk 0:46:40]} Nd6 {[%clk
0:37:41]} 19. Qd2 {[%clk 0:35:14]} O-O {[%clk 0:36:45]} 20. Rfb1 {[%clk 0:31:21]}
Qc7 {[%clk 0:35:22]} 21. Be1 {[%clk 0:26:59]} Rfb8 {[%clk 0:33:07]} 22. Bf1
{[%clk 0:12:30]} Kh7 {[%clk 0:30:59]} 23. b3 {[%clk 0:05:43]} f6 {[%clk 0:29:49]}
24. bxc4 {[%clk 0:04:52]} bxc4 {[%clk 0:29:52]} 25. Ng4 {[%clk 0:05:10]} Rxb1
{[%clk 0:29:02]} 26. Rxb1 {[%clk 0:05:36]} Rb8 {[%clk 0:29:21]} 27. Rxb8 {[%clk
0:04:09]} Qxb8 {[%clk 0:29:45]} 28. Qb4 {[%clk 0:03:40]} Qc7 {[%clk 0:28:18]} 29.
Qc3 {[%clk 0:01:49]} Qc6 {[%clk 0:27:55]} 30. Qa1 {[%clk 0:01:25]} Nf5 {[%clk
0:27:37]} 31. Bd2 {[%clk 0:01:09]} Bd6 {[%clk 0:26:44]} 32. Nf2 {[%clk 0:00:47]}
c3 {[%clk 0:15:33]} 33. Bc1 {[%clk 0:01:15]} Bb4 {[%clk 0:14:40]} 34. Nd1 {[%clk
0:01:06]} Ng3 {[%clk 0:14:44]} 35. Kf2 {[%clk 0:01:03]} Nxf1 {[%clk 0:14:23]} 36.
Kxf1 {[%clk 0:01:31]} a5 {[%clk 0:13:42]} 37. Kf2 {[%clk 0:01:37]} g5 {[%clk
0:13:44]} 38. g3 {[%clk 0:01:18]} h5 {[%clk 0:11:35]} 39. Ke1 {[%clk 0:00:47]}
Qc4 {[%clk 0:10:49]} 40. Ba3 {[%clk 0:30:41]} Bb7 {[%clk 0:40:54]} 41. Kf2 {[%clk
0:26:29]} Ba6 {[%clk 0:41:09]} 42. Kg2 {[%clk 0:25:45]} Qf1+ {[%clk 0:41:18]} 43.
Kh2 {[%clk 0:25:54]} Be2 {[%clk 0:40:58]} 0-1

[Event "Greek Team Championship"]
[Site "chess24.com"]
[Date "2017.07.04"]
[Round "3"]
[White "Kotsoglou, Evi"]
[Black "Mastrakouli, Evagelia"]
[Result "0-1"]
[Board "6"]
[WhiteElo "1409"]
[WhiteCountry "GRE"]
[WhiteFideId "4260422"]
[WhiteEloChange "-2"]
[BlackElo "1783"]
[BlackCountry "GRE"]
[BlackFideId "4229347"]
[BlackEloChange "2"]

1. e4 {[%clk 1:28:58]} c5 {[%clk 1:30:54]} 2. Nf3 {[%clk 1:28:42]} e6 {[%clk
1:30:58]} 3. d4 {[%clk 1:28:24]} cxd4 {[%clk 1:31:11]} 4. Nxd4 {[%clk 1:28:48]}
Nc6 {[%clk 1:30:49]} 5. Nc3 {[%clk 1:27:08]} Qc7 {[%clk 1:30:40]} 6. g3 {[%clk
1:26:47]} Nf6 {[%clk 1:30:04]} 7. Bg2 {[%clk 1:25:39]} Bc5 {[%clk 1:28:50]} 8.
Nxc6 {[%clk 1:12:07]} bxc6 {[%clk 1:21:03]} 9. O-O {[%clk 1:11:47]} O-O {[%clk
1:20:06]} 10. Na4 {[%clk 0:51:54]} Be7 {[%clk 1:17:36]} 11. Re1 {[%clk 0:44:22]}
d5 {[%clk 1:12:29]} 12. exd5 {[%clk 0:32:27]} cxd5 {[%clk 1:07:50]} 13. Bf4
{[%clk 0:29:40]} Qa5 {[%clk 1:03:27]} 14. c4 {[%clk 0:21:46]} Bb4 {[%clk
0:45:07]} 15. Nc3 {[%clk 0:12:41]} Bxc3 {[%clk 0:32:42]} 16. bxc3 {[%clk
0:13:01]} Qxc3 {[%clk 0:32:48]} 17. cxd5 {[%clk 0:08:28]} Nxd5 {[%clk 0:31:30]}
18. Bxd5 {[%clk 0:03:13]} exd5 {[%clk 0:31:57]} 19. Qxd5 {[%clk 0:02:59]} Be6
{[%clk 0:29:53]} 20. Qe5 {[%clk 0:01:19]} Qf3 {[%clk 0:18:17]} 21. Qe2 {[%clk
0:00:59]} Qa3 {[%clk 0:16:39]} 22. Qe3 {[%clk 0:00:41]} Qa6 {[%clk 0:14:26]} 23.
a3 {[%clk 0:00:39]} Rfd8 {[%clk 0:13:54]} 24. Rad1 {[%clk 0:00:42]} Qa4 {[%clk
0:12:37]} 25. Be5 {[%clk 0:00:36]} Rxd1 {[%clk 0:12:39]} 0-1